• 首页
  • 本馆介绍
  • 公告通知
  • 最新文献
  • 馆藏检索
  • 电子资源
  • 读者荐购
  • 参考咨询
  • CALIS
  • 我的图书馆
  • 登录
  • 详细信息显示
  • 放入我的书架
  • 预约/预借图书
  • 作者相关作品
  • 分类相关作品
  • 丛书相关作品
  • 出版社相关作品

书目信息

  • 表格格式
  • 工作单格式
  • 卡片格式
题名:
ERP系统原理和实施
    
 
作者: 闪四清 编著
分册:  
出版信息: 北京   清华大学出版社  2006.01
页数: 350页
开本: 26cm
丛书名: 高等院校计算机应用技术系列教材
单 册:
中图分类: F270.7
科图分类:
主题词: 企业管理--qi ye guan li--管理信息系统
电子资源:
ISBN: 7-302-12220-2
 
 
 
 
 
000 01092nam 2200253 450
001 012006283062
005 20060926102404.32
010    @a7-302-12220-2@dCNY32.00
100    @a20060728d2006 km y0chiy0120 ea
101 0  @achi
102    @aCN@b110000
105    @aa a 000yy
200 1  @aERP系统原理和实施@AERP xi tong yuan li he shi shi@f闪四清编著@Fshan si qing bian zhu
210    @a北京@c清华大学出版社@d2006.01
215    @a350页@c图@d26cm
225 2  @a高等院校计算机应用技术系列教材@Agao deng yuan xiao ji suan ji ying yong ji shu xi lie jiao cai
320    @a有书目 (第349-350页)。
330    @a本书全面研究了ERP系统的基本原理、实施方法和技术。全书共分15章及1个附录,内容包括ERP系统的基本概念和特点、企业资源与基础数据、主生产计划、物料需求计划、能力需求计划、采购作业计划和管理、车间作业计划和管理、ERP系统主要功能、ERP系统实施的成功经验和失败。
410  0 @12001 @a高等院校计算机应用技术系列教材
606 0  @a企业管理@Aqi ye guan li@x管理信息系统
690    @aF270.7@v4
701  0 @a闪四清@Ashan si qing@4编著
801  0 @aCN@c20060926
905    @a10447@dF270.7@eS147
    
    ERP系统原理和实施/闪四清编著.-北京:清华大学出版社,2006.01
    350页:图;26cm.-(高等院校计算机应用技术系列教材)
    
    
    ISBN 7-302-12220-2:CNY32.00
    本书全面研究了ERP系统的基本原理、实施方法和技术。全书共分15章及1个附录,内容包括ERP系统的基本概念和特点、企业资源与基础数据、主生产计划、物料需求计划、能力需求计划、采购作业计划和管理、车间作业计划和管理、ERP系统主要功能、ERP系统实施的成功经验和失败。
●
相关链接 在E读中查询图书 在当当中查询图书 在豆瓣中查询图书


正题名:ERP系统原理和实施     索取号:F270.7/S147         预约/预借

序号 登录号 条形码 馆藏地/架位号 状态 备注
1 598828   205988289   社科二线422/422社科库 2排2列1层/ [索取号:F270.7/S147] 在馆    
2 598829   205988298   社科库409/409社科库 86排3列4层/ [索取号:F270.7/S147] 在馆    
3 598830   205988305   社科二线422/422社科库 2排2列1层/ [索取号:F270.7/S147] 在馆    
河南城建学院图书馆 欢迎您!
大连网信软件有限公司© 版权所有